000 00715nam a2200265Ia 4500
005 20260302114938.0
008 008 260114s9999 xx 000 0 eng d
020 _a9781350013858
037 _aTextbook
040 _aCRL
040 _beng
040 _cCRL
041 _2eng
041 _aeng
084 _qCRL
100 _aWill Tosh
_91046320
245 0 _aPlaying Indoors Staging Early Modern Drama in the Sam Wanamaker Playhouse
260 _bBloomsbury
260 _bThe Arden Shakespeare
260 _c2018
650 _aLiterary Studies
856 _uhttps://dx.doi.org/10.5040/9781350013858?locatt=label:secondary_bloomsburyCollections
942 _cEBOOK
999 _c1684398
_d1684398